| 000 | 00589nam a2200205 a 4500 | ||
|---|---|---|---|
| 005 | 20240910064108.0 | ||
| 008 | 040421s1991 mx r 000 0 spa d | ||
| 020 | _a950039006X | ||
| 035 | _aUPN01000132954 | ||
| 049 | _aCG | ||
| 050 | 4 |
_aBF175.5 F8 _bL4.6 |
|
| 100 | 1 | _aLepp, Ignace | |
| 245 | 1 | 0 |
_aPsicoanálisis de la amistad / _cIgnace Lepp ; tr. Alicia Balbina Gómez. |
| 260 |
_aBuenos Aires : _bC. Lohlé, _c1991. |
||
| 300 | _a139 p. | ||
| 534 |
_pTraducción de: _tLes chemins de l'amitié |
||
| 650 | 4 |
_aPsicoanálisis _91572 |
|
| 650 | 7 |
_aAmistad _2 _94317 |
|
| 905 | _aLibro | ||
| 999 |
_c105107 _d105107 |
||